000 00667nam a2200241Ia 4500
003 OSt
005 20220918201303.0
006 a|||||r|||| 00| 0
007 ta
008 220917b |||||||| |||| 00| 0 eng d
024 _a92,898
037 _cTextual
040 _aARTS
_cARTS
_beng
041 _2eng
_aeng
082 _aV1N, J5
100 _aChamberlain Joseph P
_997597
245 0 _aInternational organization bound as part 2 with
260 _c1955
490 _aJessup etc : international regulation of economic and social questions
650 _aHISTORY
942 _hV1N, J5
_cTEXL
_2CC
999 _c216546
_d216546